[Event "Rilton Cup 2013-14"]
[Site "Stockholm SWE"]
[Date "2014.01.04"]
[Round "8.8"]
[White "Cramling, Pia"]
[Black "Sjodahl, Pontus"]
[Result "0-1"]
[WhiteTitle "GM"]
[BlackTitle "IM"]
[WhiteElo "2525"]
[BlackElo "2420"]
[WhiteFideId "1700030"]
[BlackFideId "1700537"]
[EventDate "2013.12.27"]

1. Nf3 Nf6 2. c4 e6 3. g3 d5 4. b3 Be7 5. Bg2 O-O 6. Bb2 b6 7. O-O Bb7 8. e3 c5
9. Qe2 Nc6 10. Nc3 d4 11. exd4 Nxd4 12. Nxd4 Bxg2 13. Kxg2 Qxd4 14. Rad1 Rad8
15. d3 Qg4 16. Qe3 Rd7 17. h3 Qg6 18. Ne2 Rfd8 19. Nc1 Ne8 20. a3 Nd6 21. Rde1
Nf5 22. Qe4 Bf6 23. Bxf6 Qxf6 24. Qe5 Qxe5 25. Rxe5 Nd4 26. f4 f6 27. Ree1 Kf7
28. Rf2 a5 29. Rd2 h6 30. h4 h5 31. Kf2 Kg6 32. Rb2 Rd6 33. Re3 Nc6 34. Ke2 Kf5
35. Kd2 Kg4 36. Ke2 Nd4+ 37. Kf2 R8d7 38. Kg2 Nc6 39. Rbe2 Kf5 40. Rd2 Nd4 41.
Rb2 Nc6 42. Rf3 Ra7 43. Re3 Rb7 44. Ne2 Rbd7 45. Nc1 e5 46. Rf2 exf4 47. Rxf4+
Kg6 48. Kf1 Kf7 49. Ke1 a4 50. Kd2 axb3 51. Kc3 Nd4 52. Kb2 Re7 53. Rfe4 Rxe4
54. dxe4 Ke6 55. Nd3 g5 56. Kc3 Rd8 57. Re1 Rg8 58. hxg5 fxg5 59. Nc1 Rf8 60.
Re3 Ra8 61. Kb2 Rf8 62. Nxb3 Rf2+ 63. Kc3 Nxb3 64. Kxb3 Ke5 65. Ka4 Kd4 66. Rb3
Kxc4 67. Rxb6 Rf8 68. Ra6 Rh8 69. Ka5 h4 70. gxh4 gxh4 71. Rd6 h3 72. Rd1 h2 73.
Rh1 Kb3 74. Kb5 c4 75. e5 Rh5 76. Rb1+ Ka2 77. Rh1 c3 78. Kc4 Kb2 79. e6 c2 80.
e7 Re5 81. Rxh2 Rxe7 82. a4 Kb1 83. Rh1+ c1=Q+ 84. Rxc1+ Kxc1 85. Kb5 Kd2 86. a5
Kd3 87. a6 Kd4 88. Kc6 Kc4 89. Kb6 Re6+ 90. Ka5 Kc5 0-1

[Event "Rilton Cup 2013-14"]
[Site "Stockholm SWE"]
[Date "2014.01.04"]
[Round "8.9"]
[White "Semcesen, Daniel"]
[Black "Tsyhanchuk, Stanislav"]
[Result "1-0"]
[WhiteTitle "IM"]
[BlackTitle "IM"]
[WhiteElo "2488"]
[BlackElo "2398"]
[WhiteFideId "1706993"]
[BlackFideId "13505130"]
[EventDate "2013.12.27"]

1. d4 Nf6 2. c4 c6 3. Nf3 d5 4. Qb3 dxc4 5. Qxc4 Bf5 6. g3 e6 7. Bg2 Nbd7 8. O-O
Be7 9. e3 O-O 10. Qe2 Ne4 11. Rd1 Qc7 12. Ne1 c5 13. f3 Nef6 14. e4 Bg6 15. Nc2
cxd4 16. Nxd4 e5 17. Nb3 Nc5 18. Be3 Nxb3 19. axb3 a6 20. Rc1 Qd7 21. Nd2 b5 22.
Qf1 Ne8 23. Bh3 f5 24. Rc3 Nd6 25. Rac1 Rac8 26. Qd3 Qb7 27. Rxc8 Rxc8 28. Rxc8+
Nxc8 29. Bxf5 Bxf5 30. exf5 Nd6 31. g4 Qc6 32. Kg2 a5 33. Ne4 a4 34. bxa4 bxa4
35. Nc5 h6 36. Qc2 a3 37. bxa3 Qd5 38. Qd2 Qc4 39. Ne6 e4 40. f4 Qd3 41. Qxd3
exd3 42. Kf3 Nc4 43. Bc5 Bf6 44. Bb4 Kf7 45. Nc5 d2 46. Ke2 Be7 47. h3 h5 48.
gxh5 Ne3 49. Kxd2 Nxf5 50. Ne4 Bd8 51. Nd6+ Nxd6 52. Bxd6 Kg8 53. Ke3 Kh7 54.
Kf3 Kh6 55. Kg4 Ba5 56. Bb4 Bb6 57. a4 Bc7 58. a5 Bd8 59. a6 Bb6 60. f5 Ba7 61.
Bd2+ Kh7 62. Kf3 1-0

[Event "Rilton Cup 2013-14"]
[Site "Stockholm SWE"]
[Date "2014.01.04"]
[Round "8.10"]
[White "Luukkonen, Tommi"]
[Black "Hansen, Torbjorn Ringdal"]
[Result "0-1"]
[WhiteTitle "FM"]
[BlackTitle "IM"]
[WhiteElo "2285"]
[BlackElo "2473"]
[WhiteFideId "501808"]
[BlackFideId "1501720"]
[EventDate "2013.12.27"]

1. d4 Nf6 2. c4 e6 3. g3 Bb4+ 4. Bd2 Qe7 5. Bg2 Nc6 6. Nf3 Bxd2+ 7. Nbxd2 d6 8.
O-O a5 9. e4 e5 10. d5 Nb8 11. Ne1 O-O 12. Nd3 Na6 13. Qe1 Re8 14. f4 exf4 15.
gxf4 Nb4 16. Nxb4 axb4 17. Kh1 Bd7 18. Rg1 Nh5 19. Qf2 Qf6 20. f5 Qxb2 21. Bf3
Nf6 22. Qg2 g6 23. Qg5 Kg7 24. h4 Ra3 25. Rab1 Qd4 26. Rg2 Nxe4 27. Nxe4 Rxe4 0-1

[Event "Rilton Cup 2013-14"]
[Site "Stockholm SWE"]
[Date "2014.01.04"]
[Round "8.11"]
[White "Urkedal, Frode"]
[Black "Poley, Vladimir"]
[Result "1-0"]
[WhiteTitle "IM"]
[BlackTitle "IM"]
[WhiteElo "2492"]
[BlackElo "2300"]
[WhiteFideId "1506102"]
[BlackFideId "13500090"]
[EventDate "2013.12.27"]

1. d4 g6 2. e4 Bg7 3. Nf3 c6 4. Nc3 d5 5. h3 dxe4 6. Nxe4 Nd7 7. Bc4 Ngf6 8.
Nxf6+ Nxf6 9. O-O O-O 10. Re1 Nd5 11. Qe2 a5 12. a4 b6 13. c3 Ra7 14. Qe4 Bf5
15. Qh4 f6 16. Qg3 g5 17. Nh2 e6 18. Qf3 Re8 19. Nf1 Bg6 20. b3 f5 21. Ra2 h5
22. Rae2 g4 23. Qg3 h4 24. Qd3 Qf6 25. Bxd5 cxd5 26. Bf4 gxh3 27. Qxh3 Bh5 28.
Re3 Bg4 29. Qh2 Bf8 30. Be5 Qg5 31. Bc7 Bh6 32. Rxe6 Rxe6 33. Rxe6 f4 34. Re5
Rxc7 35. Rxg5+ Bxg5 36. g3 hxg3 37. fxg3 f3 38. Qc2 Kg7 39. Nh2 Be3+ 40. Kh1 f2
41. Kg2 Bc8 42. Qd3 Re7 43. Nf1 Bg5 44. Kxf2 Rf7+ 45. Kg2 Bf5 46. Qb5 Be4+ 47.
Kg1 Rf3 48. c4 Bd3 49. Nh2 Be3+ 50. Kg2 Rf2+ 51. Kh3 Bf5+ 52. Ng4 Bxd4 53. Qxd5
Bc5 54. Qb7+ Kf8 55. Kh4 Rf1 56. Kh5 Be7 57. Qb8+ Kg7 58. Qe5+ Kf8 59. Qh8+ Kf7
60. Nh6+ Ke6 61. Qc8+ Ke5 62. Qc7+ Ke6 63. Qxb6+ Kd7 64. Qb7+ Ke8 65. Qa8+ Bd8
66. Nxf5 Rxf5+ 67. Kg4 Rf7 68. c5 Ke7 69. Qb7+ Ke8 70. Qb5+ Ke7 71. b4 axb4 72.
a5 Bc7 73. a6 Rg7+ 74. Kf5 Rxg3 75. a7 Ra3 76. Qb7 Kd7 77. Qd5+ 1-0

[Event "Rilton Cup 2013-14"]
[Site "Stockholm SWE"]
[Date "2014.01.04"]
[Round "8.12"]
[White "Eggleston, David J"]
[Black "Von Bahr, Oskar"]
[Result "1/2-1/2"]
[WhiteTitle "FM"]
[BlackTitle "FM"]
[WhiteElo "2434"]
[BlackElo "2298"]
[WhiteFideId "412120"]
[BlackFideId "1703250"]
[EventDate "2013.12.27"]

1. e4 e5 2. Nf3 Nc6 3. Bc4 Bc5 4. c3 Nf6 5. d3 O-O 6. O-O d5 7. exd5 Nxd5 8. Re1
Bg4 9. h3 Bh5 10. Nbd2 Nb6 11. Bb5 Bd6 12. Ne4 f5 13. Ng3 Bxf3 14. Qxf3 Qd7 15.
a4 a6 16. Bxc6 bxc6 17. c4 Rae8 18. Nf1 Nc8 19. Bd2 c5 20. Bc3 Re6 21. Re2 Ne7
22. g3 Ng6 23. Kh1 c6 24. Rae1 Ref6 25. Nh2 Bc7 26. Rd2 Rd6 27. Qe2 Re8 28. Nf3
e4 29. dxe4 fxe4 30. Ng1 e3 31. Rxd6 Bxd6 32. Kg2 Qf7 33. fxe3 Be5 34. Nf3 Bxc3
35. bxc3 Ne5 36. Nxe5 Rxe5 37. e4 h6 38. a5 Qc7 39. Qb2 Kh7 40. Ra1 Qe7 41. Qc2
Qd8 42. h4 h5 43. Qe2 Kg8 44. Qe3 Qb8 45. Re1 Qb3 46. Re2 Qxc4 47. Kf2 Qb5 48.
Ra2 Qb1 49. Re2 Qa1 50. Kg2 Qxa5 51. c4 Qd8 52. Rd2 Qe7 53. Kf3 a5 54. Ra2 Qd7
55. Rxa5 Qg4+ 56. Kg2 Rxe4 57. Ra8+ Kh7 58. Qd3 Qe6 59. Kf3 Qg4+ 60. Kg2 Qe6 61.
Kf3 Qg4+ 62. Kf2 Qg6 63. Rd8 Rg4 64. Qxg6+ Kxg6 65. Rd6+ Kf5 66. Rxc6 Rxc4 67.
Rc7 g6 68. Rc6 Rc2+ 69. Ke3 Rc3+ 70. Kf2 c4 71. Rc5+ Ke4 72. Rg5 Rc2+ 73. Ke1
Ke3 74. Kd1 Rd2+ 75. Kc1 Rd6 76. Kc2 Kf2 77. g4 hxg4 78. Rxg4 Rc6 79. Kc3 Ke3
80. Rg1 Kf4 81. Rg5 1/2-1/2

[Event "Rilton Cup 2013-14"]
[Site "Stockholm SWE"]
[Date "2014.01.04"]
[Round "8.13"]
[White "Soderberg, Per"]
[Black "Furhoff, Johan"]
[Result "0-1"]
[BlackTitle "IM"]
[WhiteElo "2183"]
[BlackElo "2318"]
[WhiteFideId "1702904"]
[BlackFideId "1701797"]
[EventDate "2013.12.27"]

1. e4 e5 2. Nf3 Nc6 3. c3 d5 4. Qa4 f6 5. d3 Ne7 6. Be2 Be6 7. O-O Ng6 8. Be3 a6
9. exd5 Qxd5 10. d4 e4 11. Nfd2 f5 12. f3 exf3 13. Bxf3 Qd7 14. c4 Be7 15. Nc3
Bf7 16. Rae1 O-O 17. Nb3 Be8 18. Bf2 Rb8 19. c5 Nce5 20. Bd5+ Qxd5 21. Qxe8 Nf3+
22. gxf3 Qxf3 23. Qxe7 Nf4 0-1

[Event "Rilton Cup 2013-14"]
[Site "Stockholm SWE"]
[Date "2014.01.04"]
[Round "8.14"]
[White "Blomqvist, Erik"]
[Black "Englert, Fabian"]
[Result "1-0"]
[WhiteTitle "GM"]
[WhiteElo "2519"]
[BlackElo "2316"]
[WhiteFideId "1709437"]
[BlackFideId "24614467"]
[EventDate "2013.12.27"]

1. e4 e6 2. d4 d5 3. Nc3 Nf6 4. e5 Nfd7 5. f4 c5 6. Nf3 Nc6 7. Be3 Be7 8. Qd2
O-O 9. Be2 b6 10. O-O f5 11. exf6 Nxf6 12. Kh1 Bb7 13. Rad1 Rc8 14. Qe1 Bd6 15.
Qh4 Ne7 16. Qh3 Nf5 17. Ng5 Re8 18. Bg1 cxd4 19. Bxd4 Nxd4 20. Rxd4 e5 21. fxe5
Bxe5 22. Bg4 Rc6 23. Rxd5 Qc7 24. Rd7 Rxc3 25. Be6+ Kh8 26. Nf7+ 1-0

[Event "Rilton Cup 2013-14"]
[Site "Stockholm SWE"]
[Date "2014.01.04"]
[Round "8.15"]
[White "Mihok, Oliver"]
[Black "Lindgren, Philip"]
[Result "1-0"]
[WhiteTitle "IM"]
[BlackTitle "FM"]
[WhiteElo "2466"]
[BlackElo "2301"]
[WhiteFideId "728012"]
[BlackFideId "1713230"]
[EventDate "2013.12.27"]

1. e4 c5 2. Nf3 d6 3. g3 Nf6 4. d3 g6 5. Bg2 Bg7 6. O-O O-O 7. Re1 Nc6 8. c3 Bg4
9. h3 Bxf3 10. Bxf3 Nd7 11. Bg2 Qc7 12. Be3 b5 13. Nd2 Rab8 14. Rc1 b4 15. d4 e6
16. Qc2 Qa5 17. d5 exd5 18. exd5 Ne7 19. Nc4 Qxa2 20. cxb4 Ne5 21. bxc5 Nf5 22.
c6 Nxe3 23. Rxe3 Nxc4 24. Qxc4 Qa5 25. c7 Rbc8 26. b4 Qb6 27. Rc2 f5 28. Re7 Rf7
29. Qe2 Be5 30. Rxe5 dxe5 31. Rc6 Qd4 32. d6 e4 33. Qa6 Rff8 34. Qc4+ Qxc4 35.
Rxc4 Rf7 36. Rd4 1-0

[Event "Rilton Cup 2013-14"]
[Site "Stockholm SWE"]
[Date "2014.01.04"]
[Round "8.16"]
[White "Lauber, Arnd"]
[Black "Cederstam-Barsk, Carl"]
[Result "1-0"]
[WhiteTitle "IM"]
[WhiteElo "2448"]
[BlackElo "2256"]
[WhiteFideId "4632630"]
[BlackFideId "1713329"]
[EventDate "2013.12.27"]

1. d4 Nf6 2. c4 g6 3. Nc3 d5 4. Nf3 Bg7 5. Bf4 O-O 6. Rc1 dxc4 7. e3 Be6 8. Ng5
Bd5 9. e4 h6 10. exd5 hxg5 11. Bxg5 Nxd5 12. Bxc4 Nb6 13. Bb3 Nc6 14. d5 Nd4 15.
O-O Qd7 16. a4 c6 17. Re1 Nxb3 18. Qxb3 Bxc3 19. bxc3 cxd5 20. Rxe7 Qf5 21. Be3
Rae8 22. Rxb7 Nc4 23. Bc5 Na5 24. Qb5 Nxb7 25. Bxf8 Kxf8 26. Qxb7 Qc2 27. Rf1
Qxc3 28. Qxd5 Kg7 29. g3 Re5 30. Qd7 a5 31. Rd1 Re4 32. h4 Qb4 33. h5 Qxa4 34.
Qd5 Re6 35. hxg6 Kxg6 36. Rd4 Qa1+ 37. Kg2 Kg7 38. Qg5+ Rg6 39. Qe5+ 1-0

[Event "Rilton Cup 2013-14"]
[Site "Stockholm SWE"]
[Date "2014.01.04"]
[Round "8.17"]
[White "Jonsson, Emil"]
[Black "Yagupov, Igor"]
[Result "0-1"]
[BlackTitle "GM"]
[WhiteElo "2076"]
[BlackElo "2427"]
[WhiteFideId "1712268"]
[BlackFideId "4113632"]
[EventDate "2013.12.27"]

1. e4 c5 2. c3 Nf6 3. e5 Nd5 4. d4 cxd4 5. cxd4 d6 6. Bc4 e6 7. Nf3 Nc6 8. O-O
Be7 9. exd6 Qxd6 10. Nc3 O-O 11. Ne4 Qd8 12. Be3 b6 13. Nc3 Nf6 14. Qe2 Bb7 15.
Rfd1 Nb4 16. Rac1 Rc8 17. a3 Bxf3 18. gxf3 Nbd5 19. Ba6 Rc7 20. Nb5 Rxc1 21.
Rxc1 Qd7 22. Nc3 Nxc3 23. Rxc3 Nd5 24. Rc1 Bd6 25. Bg5 h6 26. Bb5 Qb7 27. Bh4
Rc8 28. Rxc8+ Qxc8 29. Qc4 Qxc4 30. Bxc4 f5 31. f4 Bxf4 32. Bg3 Bxg3 33. hxg3
Kf7 34. Kg2 Kf6 35. Kf3 g5 36. a4 Ke7 37. Ke2 Kd6 38. Bb5 h5 39. Be8 Nf6 40. Bb5
h4 41. gxh4 gxh4 42. b3 h3 43. Kf3 Ne4 44. Bf1 Nd2+ 0-1

[Event "Rilton Cup 2013-14"]
[Site "Stockholm SWE"]
[Date "2014.01.04"]
[Round "8.18"]
[White "Bejtovic, Jasmin"]
[Black "Nielsen, Rogvi Egilstoft"]
[Result "1-0"]
[WhiteTitle "IM"]
[WhiteElo "2402"]
[BlackElo "2252"]
[WhiteFideId "14400936"]
[BlackFideId "7200447"]
[EventDate "2013.12.27"]

1. Nf3 Nf6 2. g3 e6 3. Bg2 d5 4. O-O Be7 5. d3 O-O 6. Nbd2 c5 7. e4 Nc6 8. Re1
Qc7 9. e5 Nd7 10. Qe2 Re8 11. Nf1 f6 12. exf6 Bxf6 13. Ng5 Bxg5 14. Bxg5 Nb6 15.
Ne3 Qd6 16. c4 Nd4 17. Qh5 g6 18. Qh4 h5 19. g4 dxc4 20. gxh5 e5 21. dxc4 Rf8
22. Be7 1-0

[Event "Rilton Cup 2013-14"]
[Site "Stockholm SWE"]
[Date "2014.01.04"]
[Round "8.19"]
[White "Bellon Lopez, Juan Manuel"]
[Black "Ramondino, Renzo"]
[Result "1-0"]
[WhiteTitle "GM"]
[BlackTitle "FM"]
[WhiteElo "2382"]
[BlackElo "2242"]
[WhiteFideId "2200031"]
[BlackFideId "810304"]
[EventDate "2013.12.27"]

1. d4 d6 2. e4 g6 3. Nc3 Bg7 4. Be3 Nf6 5. f3 a6 6. Qd2 b5 7. O-O-O O-O 8. Bh6
b4 9. Nce2 a5 10. h4 Nc6 11. h5 e5 12. Bxg7 Kxg7 13. hxg6 fxg6 14. Qh6+ Kg8 15.
d5 Ne7 16. g4 Rf7 17. Nh3 Qf8 18. Qh4 Qg7 19. Ng5 Rf8 20. Ng3 h6 21. Qxh6 Qxh6
22. Rxh6 Kg7 23. Rh2 Rh8 24. Rxh8 Kxh8 25. Bb5 Kg7 26. Rh1 Rb8 27. Ba4 Rb6 28.
Nf1 c6 29. dxc6 Nxc6 30. c3 bxc3 31. bxc3 Nd8 32. Bb3 a4 33. Bc4 Rc6 34. Ne3 Nb7
35. Kd2 Rb6 36. Kc2 Nc5 37. Rb1 Rxb1 38. Kxb1 Bd7 39. Kb2 Ne8 40. Nd5 Kh6 41.
Nf7+ Kg7 42. Nd8 Nf6 43. Nb6 Kf8 44. Nxd7+ Nfxd7 45. Ne6+ Nxe6 46. Bxe6 Nc5 47.
Bc4 g5 48. Ka3 Ke7 49. Bb5 Kd8 50. Bxa4 Kc7 51. Bb5 Kb6 52. Kb4 Nb7 53. a4 Na5
54. Bd7 Nb7 55. Be6 Nc5 56. a5+ Ka7 57. Bc4 Kb7 58. Kb5 1-0

[Event "Rilton Cup 2013-14"]
[Site "Stockholm SWE"]
[Date "2014.01.04"]
[Round "8.21"]
[White "Ornstein, Axel"]
[Black "Lissang, Christopher"]
[Result "1/2-1/2"]
[WhiteTitle "IM"]
[WhiteElo "2334"]
[BlackElo "2240"]
[WhiteFideId "1700111"]
[BlackFideId "1709615"]
[EventDate "2013.12.27"]

1. d4 Nf6 2. c4 e6 3. Nc3 Bb4 4. e3 Nc6 5. Bd3 e5 6. Ne2 exd4 7. exd4 d5 8. O-O
dxc4 9. Bxc4 O-O 10. a3 Be7 11. Bf4 Bd6 12. Qd2 h6 13. Rad1 Bf5 14. Ng3 Bh7 15.
Rfe1 Bxf4 16. Qxf4 Qd6 17. Qxd6 cxd6 18. f3 Rfe8 19. Rxe8+ Rxe8 20. Kf2 Rc8 21.
Rd2 Na5 22. Ba2 a6 23. Nf1 Nc4 24. Bxc4 Rxc4 25. Ne3 Rc8 26. g4 Kf8 27. d5 Nd7
28. Rd4 Ne5 29. Ke2 g5 30. Ne4 Ke7 31. Ng3 Kd7 32. f4 gxf4 33. Rxf4 Bd3+ 34. Kd2
Bg6 35. Ngf5 h5 36. gxh5 Bxh5 37. Nh4 Rg8 38. Rf6 Ke7 39. Rh6 Bg6 40. Nhf5+ Kd7
41. Nh4 Kc7 42. Kc3 Re8 43. Nxg6 fxg6 44. Nc4 Nxc4 45. Kxc4 Re2 46. Rxg6 Rxh2 1/2-1/2

[Event "Rilton Cup 2013-14"]
[Site "Stockholm SWE"]
[Date "2014.01.04"]
[Round "8.22"]
[White "Trygstad, Kristian"]
[Black "Krupenski, Juri"]
[Result "0-1"]
[WhiteTitle "FM"]
[BlackTitle "FM"]
[WhiteElo "2228"]
[BlackElo "2300"]
[WhiteFideId "1501860"]
[BlackFideId "4501101"]
[EventDate "2013.12.27"]

1. e4 c5 2. Nc3 e6 3. f4 d5 4. Nf3 dxe4 5. Nxe4 Nc6 6. g3 Nh6 7. Bg2 Nf5 8. c3
h5 9. h3 Qd3 10. Qe2 Qxe2+ 11. Kxe2 Bd7 12. d3 f6 13. g4 hxg4 14. hxg4 Rxh1 15.
Bxh1 Nh6 16. g5 Ng4 17. Bg2 f5 18. Nf2 Nxf2 19. Kxf2 Bd6 20. Be3 Rc8 21. Rd1 e5
22. fxe5 Nxe5 23. Nxe5 Bxe5 24. d4 cxd4 25. Bxd4 Bxd4+ 26. Rxd4 Bc6 27. Bh3 Ke7
28. Kg3 Ke6 29. Rd2 Ke5 30. Re2+ Be4 31. Bg2 Rf8 32. Rd2 f4+ 33. Kf2 f3 34. Bh3
Kf4 35. Rd7 g6 36. Bf1 Rh8 37. Rf7+ Bf5 38. Rxb7 Rh2+ 39. Ke1 Kg3 40. c4 Rh1 0-1

[Event "Rilton Cup 2013-14"]
[Site "Stockholm SWE"]
[Date "2014.01.04"]
[Round "8.23"]
[White "Lochte, Thomas"]
[Black "Henriksson, Johan"]
[Result "0-1"]
[BlackTitle "FM"]
[WhiteElo "2110"]
[BlackElo "2266"]
[WhiteFideId "4606272"]
[BlackFideId "1703560"]
[EventDate "2013.12.27"]

1. e4 c6 2. d4 d5 3. Nd2 dxe4 4. Nxe4 Nf6 5. Nxf6+ gxf6 6. Be3 Bf5 7. Ne2 e6 8.
Ng3 Bg6 9. h4 h5 10. Bd3 Bxd3 11. Qxd3 f5 12. O-O-O Nd7 13. Nxf5 exf5 14. Rhe1
Be7 15. d5 cxd5 16. Qxf5 Nf8 17. Rxd5 Qc8 18. Bg5 Ne6 19. f4 Bxg5 20. Rxe6+ Kf8
21. Rdd6 Bxh4 22. g3 Rh6 23. gxh4 Rxe6 24. Rd1 Qc4 25. Qg5 Rc8 26. Rd8+ Rxd8 27.
Qxd8+ Re8 28. Qd6+ Kg8 0-1

[Event "Rilton Cup 2013-14"]
[Site "Stockholm SWE"]
[Date "2014.01.04"]
[Round "8.25"]
[White "Annenkov, Kirill"]
[Black "Johansen, Stian"]
[Result "1/2-1/2"]
[WhiteTitle "FM"]
[WhiteElo "2232"]
[BlackElo "2079"]
[WhiteFideId "4129733"]
[BlackFideId "1508121"]
[EventDate "2013.12.27"]

1. Nf3 Nf6 2. g3 g6 3. Bg2 Bg7 4. O-O O-O 5. c4 c6 6. d4 d6 7. h3 Nbd7 8. Qc2 e5
9. dxe5 dxe5 10. Rd1 Qc7 11. e4 Nc5 12. Nc3 Be6 13. Be3 Na6 14. Bf1 Rad8 15. a3
h6 16. b4 Nd7 17. Rab1 f5 18. Nh4 f4 19. Bxa7 g5 20. Nf5 Bxf5 21. exf5 b6 22. b5
Qxa7 23. bxa6 fxg3 24. fxg3 Qxa6 25. c5 Qxa3 26. cxb6 Nxb6 27. Rxd8 Rxd8 28. f6
Qc5+ 29. Qf2 Qxc3 30. fxg7 Nd5 31. Kh1 e4 32. Bg2 e3 33. Qf5 Qxg7 34. Qe6+ Kh8
35. Rc1 Ne7 36. Rf1 Rf8 37. Rxf8+ Qxf8 38. Qxe3 Qf6 39. Kh2 Kg7 40. Qc5 Qe6 1/2-1/2

[Event "Rilton Cup 2013-14"]
[Site "Stockholm SWE"]
[Date "2014.01.04"]
[Round "8.26"]
[White "Aroven, Mikael"]
[Black "Hammar, Bengt"]
[Result "0-1"]
[BlackTitle "FM"]
[WhiteElo "2045"]
[BlackElo "2234"]
[WhiteFideId "1709534"]
[BlackFideId "1700391"]
[EventDate "2013.12.27"]

1. Nf3 Nf6 2. c4 g6 3. b3 Bg7 4. Bb2 O-O 5. g3 d6 6. d4 Nbd7 7. Bg2 e5 8. O-O
Re8 9. Qc2 c6 10. e3 e4 11. Nfd2 d5 12. cxd5 cxd5 13. Rc1 Nf8 14. Nc3 Bd7 15. b4
Bf5 16. Nb3 b6 17. b5 Qd7 18. a4 Bh3 19. Qe2 Bg4 20. Qf1 h5 21. h3 Bf5 22. Ba3
N8h7 23. Nd2 Bh6 24. Na2 Ng5 25. Kh2 Bg4 26. Rc6 Qf5 27. Rxf6 Qxf6 28. hxg4 hxg4
29. Nb4 Qf5 30. Nc6 Bf8 31. Kg1 Bxa3 32. Rxa3 Kg7 33. Qd1 Rh8 34. Ra1 Nf3+ 35.
Kf1 Rh2 36. Bxf3 gxf3 37. Ke1 Rah8 38. Nf1 Rg2 39. Ne5 Rh1 40. Qb3 Qe6 41. g4
Rgg1 42. Kd2 Rxf1 43. Rxf1 Rxf1 44. Qc3 Rxf2+ 45. Ke1 Re2+ 46. Kf1 Qe7 0-1

[Event "Rilton Cup 2013-14"]
[Site "Stockholm SWE"]
[Date "2014.01.04"]
[Round "8.27"]
[White "Krantz, Christopher"]
[Black "Kassani, Sam"]
[Result "1/2-1/2"]
[WhiteElo "2233"]
[BlackElo "2095"]
[WhiteFideId "1707876"]
[BlackFideId "1709089"]
[EventDate "2013.12.27"]

1. e4 c5 2. Nf3 g6 3. c4 Bg7 4. d4 cxd4 5. Nxd4 Nc6 6. Be3 Nf6 7. Nc3 O-O 8. Be2
d6 9. O-O Bd7 10. Qd2 Nxd4 11. Bxd4 Bc6 12. f3 a5 13. b3 Nd7 14. Be3 Nc5 15.
Rfc1 Qb6 16. Rab1 Rfc8 17. Rc2 Qd8 18. Bf1 h5 19. Kh1 Kh7 20. a3 Qh8 21. b4 axb4
22. axb4 Ra3 23. Nd5 Nb3 24. Qf2 Bxd5 25. exd5 Nd4 26. Ra2 Rxa2 27. Qxa2 Nf5 28.
Bf2 Ra8 29. Qd2 Bh6 30. f4 Ra1 31. Rxa1 Qxa1 32. Kg1 Bg7 33. c5 Bc3 34. Qc2 dxc5
35. bxc5 Bd4 36. Qd3 Bxf2+ 37. Kxf2 Qc1 38. c6 Qc5+ 39. Ke1 bxc6 40. dxc6 Qxc6
41. Qc4 Qf6 42. g3 h4 43. Qb3 Qa1+ 44. Kf2 Qd4+ 45. Kf3 Kg7 46. Bh3 hxg3 47.
hxg3 Nd6 48. Qe3 Qd5+ 49. Ke2 Qh5+ 50. g4 Qb5+ 51. Kf2 Qb2+ 52. Kg3 Kf8 53. Bg2
Qa1 1/2-1/2

[Event "Rilton Cup 2013-14"]
[Site "Stockholm SWE"]
[Date "2014.01.04"]
[Round "8.28"]
[White "Puzko, Danila"]
[Black "Ask, Josef"]
[Result "0-1"]
[WhiteElo "2129"]
[BlackElo "2209"]
[WhiteFideId "24153745"]
[BlackFideId "1704583"]
[EventDate "2013.12.27"]

1. e4 e5 2. Nf3 Nc6 3. Bb5 Nge7 4. O-O Ng6 5. c3 a6 6. Bc4 Be7 7. d4 d6 8. Na3
O-O 9. Nc2 Kh8 10. Ne3 Bf6 11. h3 Nh4 12. d5 Ne7 13. Ng4 Neg6 14. g3 Nxf3+ 15.
Qxf3 Bg5 16. Qg2 f5 17. exf5 Bxf5 18. Ne3 Bxe3 19. Bxe3 Rf7 20. f4 exf4 21. Bxf4
Qd7 22. Kh2 Re8 23. Rae1 Rxe1 24. Rxe1 Nxf4 25. gxf4 h6 26. Qe2 Bxh3 27. Qe8+
Kh7 28. Bd3+ g6 29. Bxg6+ Kxg6 30. Rg1+ Kh5 31. Qg8 Qf5 32. Rg3 Kh4 33. Rf3 Qc2+
34. Kg1 Qd1+ 0-1

[Event "Rilton Cup 2013-14"]
[Site "Stockholm SWE"]
[Date "2014.01.04"]
[Round "8.29"]
[White "Orndahl, Markus"]
[Black "Jogstad, Martin"]
[Result "1/2-1/2"]
[WhiteElo "2206"]
[BlackElo "1941"]
[WhiteFideId "1709135"]
[BlackFideId "1715364"]
[EventDate "2013.12.27"]

1. e4 e6 2. d4 d5 3. exd5 exd5 4. Nc3 c6 5. Bd3 Bd6 6. Nge2 Qc7 7. Bg5 Ne7 8.
Qd2 f6 9. Bh4 Bf5 10. Bg3 Bxd3 11. Qxd3 Nd7 12. O-O O-O 13. Rae1 Ng6 14. Qf5
Bxg3 15. hxg3 Rfe8 16. Nc1 Ndf8 17. Nd3 Qd7 18. Qh5 Rxe1 19. Rxe1 Re8 20. Rb1
Ne6 21. Qg4 Nc5 22. Qxd7 Nxd7 23. Kf1 Kf7 24. Na4 Ngf8 25. b4 b5 26. Nac5 1/2-1/2

[Event "Rilton Cup 2013-14"]
[Site "Stockholm SWE"]
[Date "2014.01.04"]
[Round "8.30"]
[White "Norlin, Egor"]
[Black "Evertsson, Lennart"]
[Result "0-1"]
[WhiteElo "2125"]
[BlackElo "2186"]
[WhiteFideId "1713973"]
[BlackFideId "1705156"]
[EventDate "2013.12.27"]

1. d4 Nf6 2. c4 e6 3. Nf3 c5 4. d5 exd5 5. cxd5 b5 6. Bg5 Qa5+ 7. Nc3 Ne4 8. Qd3
Nxg5 9. Nxg5 Be7 10. d6 Bxg5 11. Qe4+ Kd8 12. Qxa8 Nc6 13. e3 Bf6 14. Kd2 Re8
15. Be2 Re4 16. Rhc1 Rb4 17. Rab1 Bxc3+ 18. Rxc3 Qxa2 19. Kc1 Qd5 20. Bf3 Qxd6
21. Bxc6 dxc6 22. Qxa7 Bf5 23. Qb6+ Kd7 24. Qxc5 Bxb1 25. Qxd6+ Kxd6 26. Kxb1
Rh4 27. h3 Rh6 28. f3 b4 29. Rd3+ Kc5 30. Kc2 Rg6 31. Rd2 Rg3 32. Kd3 h5 33. h4
Rg6 34. Rc2+ Kb5 35. b3 c5 36. e4 Ra6 37. Rb2 Ra1 38. Ke3 Rh1 39. g3 Rg1 40. Kf4
Rd1 41. g4 hxg4 42. fxg4 Rf1+ 43. Kg5 c4 44. bxc4+ Kxc4 45. Rc2+ Kd4 46. Rc7 b3
47. Rb7 Kc3 48. Rc7+ Kd3 49. Rb7 Kc2 50. Rc7+ Kb1 51. e5 b2 52. h5 Ka2 53. Rb7
b1=Q 54. Rxb1 Kxb1 55. h6 gxh6+ 0-1

[Event "Rilton Cup 2013-14"]
[Site "Stockholm SWE"]
[Date "2014.01.04"]
[Round "8.31"]
[White "Gamback, Bjorn"]
[Black "Bit-Narva, David"]
[Result "1/2-1/2"]
[WhiteElo "2142"]
[BlackElo "1877"]
[WhiteFideId "1703161"]
[BlackFideId "24128856"]
[EventDate "2013.12.27"]

1. c4 Nf6 2. Nf3 g6 3. g3 Bg7 4. Bg2 O-O 5. O-O c5 6. d4 d6 7. Nc3 cxd4 8. Nxd4
Qc7 9. b3 Bd7 10. Bb2 Nc6 11. e3 Qc8 12. Re1 Bh3 13. Bh1 Qd7 14. Nce2 e5 15. Nb5
Rfd8 16. e4 Ng4 17. Qd3 a6 18. Na3 Nb4 19. Qc3 a5 20. Nc2 Nxc2 21. Qxc2 b5 22.
cxb5 Qxb5 23. Nc3 Qc5 24. Qe2 Nf6 25. Qe3 Be6 26. Rad1 Nd7 27. Nd5 a4 28. b4
Qxe3 29. Rxe3 Bxd5 30. exd5 Nb6 31. Rc3 Rdc8 32. Rdc1 Bh6 33. Rxc8+ Rxc8 34. Rc6
Rb8 35. Bf3 Kf8 36. a3 Ke7 37. Rc7+ Kf6 38. Rc6 Ke7 39. Rc7+ Kf6 40. Bc1 Bxc1
41. Rxc1 Rc8 42. Rc6 Rxc6 43. dxc6 Ke7 44. Be2 d5 45. Bb5 Kd6 46. Kf1 f5 47. Ke2
d4 48. Kd3 Kd5 49. c7 e4+ 50. Kd2 Kd6 51. c8=N+ Nxc8 52. Bxa4 Nb6 1/2-1/2